Cez privreté okno skoro nič nevidno

Na dvoch košických univerzitách sa v rokoch 2005 a 2009 uskutočnil výskumný projekt zameraný na informovanosť občanov o samosprávnych krajoch. Autor oboch výskumov predstavuje tú časť zistení, ktorá vypovedá o elementárnych znalostiach občanov o činnosti vyšších územných celkov v ich vlastnom región...

Descrizione completa

Salvato in:
Dettagli Bibliografici
Autore principale: Klimovský, Daniel
Natura: Capitolo di libro
Lingua:slovacco
Soggetti:
Tags: Aggiungi Tag
Nessun Tag, puoi essere il primo ad aggiungerne!!

MARC

LEADER 00000naa$a2200000$$$4500
001 0102858
005 20231016085944.2
041 0 |a slo 
044 |a SK 
245 1 0 |a Cez privreté okno skoro nič nevidno  |c Daniel Klimovský 
520 |a Na dvoch košických univerzitách sa v rokoch 2005 a 2009 uskutočnil výskumný projekt zameraný na informovanosť občanov o samosprávnych krajoch. Autor oboch výskumov predstavuje tú časť zistení, ktorá vypovedá o elementárnych znalostiach občanov o činnosti vyšších územných celkov v ich vlastnom regióne. Informovanosť občanov je podpriemerná. 
610 2 0 |a kraje 
610 2 0 |a samospráva 
610 2 0 |a samospráva regionálna 
610 2 0 |a občania 
610 2 0 |a informácie 
610 2 0 |a projekty 
610 2 0 |a výskum 
100 1 |a Klimovský, Daniel